000
00342nam a2200145Ia 4500
008
230718s9999 xx 000 0 und d
041
_a
Eng.
082
_a
519.5
_b
CH.-I
100
_a
ch. Prof. Shes M
245
0
_a
Introduction to Start fast (24
260
_a
Pakistan
_b
Ilmi kilahka
_c
2007
300
_a
579
650
_a
Law
999
_c
26463
_d
26463